Indywidualni mistrzowie Danii na żużlu od 2000 roku - Statystyki

Ogólne statystyki
  • Ten quiz został rozwiązany 36 razy
  • Średni wynik to 22 z 26
Statystyki odpowiedzi
Hint Odpowiedź % Poprawnych
2002 Nicki Pedersen
100%
2003 Nicki Pedersen
100%
2005 Nicki Pedersen
100%
2006 Nicki Pedersen
100%
2008 Nicki Pedersen
100%
2009 Nicki Pedersen
100%
2011 Nicki Pedersen
100%
2020 Anders Thomsen
94%
2021 Anders Thomsen
94%
2024 Anders Thomsen
94%
2023 Mikkel Michelsen
94%
2022 Rasmus Jensen
94%
2025 Michael Jepsen Jensen
90%
2012 Niels Kristian Iversen
90%
2013 Niels Kristian Iversen
90%
2014 Niels Kristian Iversen
90%
2015 Niels Kristian Iversen
90%
2016 Niels Kristian Iversen
90%
2017 Niels Kristian Iversen
90%
2018 Niels Kristian Iversen
90%
2010 Kenneth Bjerre
84%
2019 Kenneth Bjerre
84%
2007 Hans Andersen
74%
2004 Bjarne Pedersen
42%
2000 Brian Karger
32%
2001 Hans Clausen
32%
Nie znaleziono quizów pasujących do podanych kryteriów
Rozkład punktacji
Procent ludzi z każdym wynikiem
Percentyl według liczby udzielonych odpowiedzi
Twoja historia wyników
Nie rozwiązałeś tego quizu